000 00500nam a2200181Ia 4500
001 8297
005 20260306160558.0
008 260306t2011||||xx |||||||||||||| ||spa||
041 _aESP
082 _a370.1523
_bR75 2011
100 _aRodríguez Garrido, Esteban
_eAUT
245 0 _aTeorías del aprendizaje:
_bDel conductismo radical a la teoría de los campos conceptuales
260 _c2011
300 _a198 páginas :
_c21 cm.
650 _aGEN
654 _aCED
942 _cLIB
_dJUS
_fJUS
_2ddc
_n
999 _c8297
_d8297